Modele Żuka - Statystyki

Ogólne statystyki
  • Ten quiz został rozwiązany 7 razy
  • Średni wynik to 5 z 13
Statystyki odpowiedzi
Model % Poprawnych
A-03
71%
A-15
71%
A-07
57%
A-11
57%
A 05
43%
A 13
43%
A 14
43%
A 18
43%
A 08
14%
A-11B
14%
A 151 C
0%
A-15C
0%
A 16 B
0%
Nie znaleziono quizów pasujących do podanych kryteriów
Rozkład punktacji
Procent ludzi z każdym wynikiem
Percentyl według liczby udzielonych odpowiedzi
Twoja historia wyników
Nie rozwiązałeś tego quizu